[Event "Puspokladany Arnoth Memorial 15th"]
[Site "Puspokladany"]
[Date "2022.07.30"]
[Round "7"]
[White "Kakuk, Sandor"]
[Black "Nemeth, Zalan"]
[Result "1-0"]
[WhiteElo "2108"]
[BlackElo "2194"]
[PlyCount "87"]
[EventDate "2022.07.27"]
[EventType "swiss"]
[EventRounds "9"]
[EventCountry "HUN"]
[SourceTitle "EXT 2023"]
[Source "ChessBase"]
[SourceDate "2022.10.05"]
[SourceVersion "1"]
[SourceVersionDate "2022.10.05"]
[SourceQuality "1"]

1. d4 d5 2. Nc3 c5 3. e4 dxe4 4. d5 Nf6 5. Bg5 Nbd7 6. Qd2 h6 7. Bh4 a6 8. 0-0-0 g6 9. Re1 Bg7 10. Nxe4 Nxe4 11. Rxe4 Nf6 12. Bxf6 Bxf6 13. Nf3 Bf5 14. Re1 Qb6 15. c3 Qa5 16. Bd3 Bxd3 17. Qxd3 Qxa2 18. Kc2 Qa4+ 19. Kb1 0-0 20. Ne5 Kg7 21. Re4 Qb3 22. Nd7 Rfd8 23. Nxf6 exf6 24. d6 Rd7 25. Re7 Rad8 26. Rxd7 Rxd7 27. Re1 Qb6 28. Rd1 Qc6 29. f3 b5 30. Kc2 a5 31. Qd5 Qb6 32. b3 b4 33. c4 a4 34. bxa4 b3+ 35. Kb2 Qa6 36. Qxc5 Ra7 37. Qb5 Qc8 38. d7 Qd8 39. c5 f5 40. c6 Qf6+ 41. Kxb3 Qe6+ 42. Qd5 Qe3+ 43. Rd3 Qb6+ 44. Qb5 1-0

[Event "HUN-chT2 Toth 1819"]
[Site "Hungary"]
[Date "2018.12.02"]
[Round "5.1"]
[White "Kakuk, Sandor"]
[Black "Nagy, Attila N"]
[Result "1-0"]
[WhiteElo "2135"]
[BlackElo "2235"]
[PlyCount "135"]
[EventDate "2018.09.23"]
[EventType "team-tourn"]
[EventRounds "11"]
[EventCountry "HUN"]
[SourceTitle "EXT 2021"]
[Source "ChessBase"]
[SourceDate "2020.10.23"]
[SourceVersion "1"]
[SourceVersionDate "2020.10.23"]
[SourceQuality "1"]
[WhiteTeam "Oroshaza"]
[BlackTeam "Szeged Meritum"]
[WhiteTeamCountry "HUN"]
[BlackTeamCountry "HUN"]

1. e4 c5 2. Nf3 e6 3. d4 cxd4 4. Nxd4 Nf6 5. Bd3 a6 6. c4 Be7 7. 0-0 d6 8. Nc3 0-0 9. Be3 Nbd7 10. Rc1 Qc7 11. f4 b6 12. b4 Qb7 13. Qf3 a5 14. a3 axb4 15. axb4 Ra3 16. Qe2 d5 17. cxd5 exd5 18. e5 Ne4 19. Bxe4 dxe4 20. Qb2 Ra8 21. Nf5 Nb8 22. Nxe7+ Qxe7 23. Nd5 Qb7 24. Nxb6 Ra6 25. Nxc8 Rxc8 26. Rxc8+ Qxc8 27. b5 Ra8 28. Qd4 Nd7 29. Rd1 Nf8 30. Qxe4 Ra2 31. h3 h6 32. b6 Rb2 33. f5 Nd7 34. Qd4 Qc2 35. Rd2 Qb1+ 36. Kh2 Rxd2 37. Bxd2 Qxf5 38. b7 Kh7 39. Bc3 Qe6 40. Qxd7 Qxd7 41. b8Q Qc6 42. Qb4 Qe6 43. Qd6 Qc4 44. Bd4 Kg8 45. Qd7 Qf1 46. e6 Qf4+ 47. Kh1 Qf1+ 48. Bg1 fxe6 49. Qxe6+ Kh7 50. Qe5 Qb1 51. Kh2 Qb7 52. Bd4 Qd7 53. g4 Qb7 54. h4 Kg8 55. Kg3 Qf7 56. Qb8+ Kh7 57. Qf4 Qb3+ 58. Qe3 Qf7 59. Qe5 Kg8 60. Be3 Qb7 61. Kf4 Qf7+ 62. Ke4 Qc4+ 63. Bd4 Qc2+ 64. Kd5 Qb3+ 65. Kc6 Qa4+ 66. Kc7 Qc4+ 67. Kd8 Qf7 68. Qe8+ 1-0

[Event "HUN-chT2 Toth 1819"]
[Site "Hungary"]
[Date "2018.09.23"]
[Round "1.6"]
[White "Tamas, Kornel"]
[Black "Kakuk, Sandor"]
[Result "1/2-1/2"]
[WhiteElo "2023"]
[BlackElo "2135"]
[PlyCount "100"]
[EventDate "2018.09.23"]
[EventType "team-tourn"]
[EventRounds "11"]
[EventCountry "HUN"]
[SourceTitle "EXT 2021"]
[Source "ChessBase"]
[SourceDate "2020.10.23"]
[SourceVersion "1"]
[SourceVersionDate "2020.10.23"]
[SourceQuality "1"]
[WhiteTeam "Gyula"]
[BlackTeam "Oroshaza"]
[WhiteTeamCountry "HUN"]
[BlackTeamCountry "HUN"]

1. d4 d5 2. Nf3 Nc6 3. g3 Bg4 4. Bg2 Qd7 5. h3 Bf5 6. c3 f6 7. Bf4 g5 8. Be3 0-0-0 9. b4 e6 10. Qb3 Bd6 11. a4 Kb8 12. Nbd2 Nge7 13. a5 Nc8 14. 0-0 h5 15. h4 gxh4 16. Nxh4 N6e7 17. b5 Bg4 18. c4 dxc4 19. Qxc4 Nf5 20. Nxf5 Bxf5 21. Nb3 h4 22. Nc5 Bxc5 23. dxc5 Qg7 24. c6 b6 25. Rfc1 hxg3 26. axb6 gxf2+ 27. Kxf2 Rdg8 28. bxc7+ Qxc7 29. Qf4 Bh3 30. Bxa7+ Nxa7 31. Qxc7+ Kxc7 32. Rxa7+ Kb6 33. Rb7+ Ka5 34. Ra1+ Kb4 35. Bxh3 Rxh3 36. b6 Rh2+ 37. Ke3 Rgg2 38. Re1 Rh3+ 39. Kd2 Rg5 40. Rd7 Ra5 41. Rc1 Ra2+ 42. Rc2 Rxc2+ 43. Kxc2 Rc3+ 44. Kb1 Rxc6 45. b7 Rb6 46. Kc2 Kc5 47. Rf7 f5 48. Re7 Kd6 49. Rf7 Kc6 50. Re7 Kd5 1/2-1/2

[Event "HUN-chT2 Toth 1718"]
[Site "Hungary"]
[Date "2018.05.06"]
[Round "11.2"]
[White "Leszko, Bence"]
[Black "Kakuk, Sandor"]
[Result "1/2-1/2"]
[WhiteElo "2084"]
[BlackElo "2141"]
[PlyCount "120"]
[EventDate "2017.09.24"]
[EventType "team-tourn"]
[EventRounds "11"]
[EventCountry "HUN"]
[SourceTitle "EXT 2021"]
[Source "ChessBase"]
[SourceDate "2020.10.23"]
[SourceVersion "1"]
[SourceVersionDate "2020.10.23"]
[SourceQuality "1"]
[WhiteTeam "Mako Duocor II"]
[BlackTeam "Oroshaza"]
[WhiteTeamCountry "HUN"]
[BlackTeamCountry "HUN"]

1. d4 d5 2. Nf3 Nc6 3. c4 Bg4 4. cxd5 Bxf3 5. gxf3 Qxd5 6. e3 e5 7. Nc3 Bb4 8. Bd2 Bxc3 9. bxc3 Qd6 10. Rb1 b6 11. Rg1 g6 12. f4 exf4 13. e4 0-0-0 14. e5 Nxe5 15. dxe5 Qxe5+ 16. Qe2 Qd6 17. Qg4+ f5 18. Qxf4 Re8+ 19. Kd1 Qa3 20. Qc4 Nf6 21. f3 Qd6 22. Kc2 Nd5 23. Rd1 Rd8 24. Qa6+ Kb8 25. Bc4 Qxh2 26. Kb3 Qe5 27. Rge1 Qf6 28. Bxd5 Rxd5 29. Qc4 Rc5 30. Qd3 Rd8 31. Qe2 Qc6 32. a4 Ra5 33. Ra1 Rad5 34. Bg5 R8d7 35. Qe8+ Kb7 36. Qe6 R5d6 37. Qc4 Qxc4+ 38. Kxc4 Rc6+ 39. Kb3 Rd3 40. Rac1 Rxf3 41. Re3 Rxe3 42. Bxe3 Re6 43. Bg5 Kc6 44. Rd1 Rd6 45. Re1 Rd1 46. Kc4 a6 47. Re6+ Rd6 48. Re7 Rd7 49. Re6+ Kb7 50. Re8 Rf7 51. Bf4 Kc6 52. Rg8 Re7 53. Bg5 Re4+ 54. Kb3 f4 55. Rf8 Re5 56. Bxf4 Rf5 57. Rxf5 gxf5 58. Kc4 b5+ 59. axb5+ axb5+ 60. Kd4 h5 1/2-1/2

[Event "HUN-chT2 Toth 1718"]
[Site "Hungary"]
[Date "2018.03.25"]
[Round "10.2"]
[White "Kakuk, Sandor"]
[Black "Tamas, Kornel"]
[Result "1/2-1/2"]
[WhiteElo "2141"]
[BlackElo "2016"]
[PlyCount "72"]
[EventDate "2017.09.24"]
[EventType "team-tourn"]
[EventRounds "11"]
[EventCountry "HUN"]
[SourceTitle "EXT 2021"]
[Source "ChessBase"]
[SourceDate "2020.10.23"]
[SourceVersion "1"]
[SourceVersionDate "2020.10.23"]
[SourceQuality "1"]
[WhiteTeam "Oroshaza"]
[BlackTeam "Gyula"]
[WhiteTeamCountry "HUN"]
[BlackTeamCountry "HUN"]

1. e4 e6 2. d4 d5 3. Nc3 Bb4 4. Bd2 Bxc3 5. Bxc3 Nf6 6. e5 Nfd7 7. f4 f5 8. Qh5+ g6 9. Qh6 Qe7 10. Nf3 c5 11. 0-0-0 Nc6 12. h4 cxd4 13. Bxd4 Rg8 14. h5 Nf8 15. g3 Nxd4 16. Nxd4 Bd7 17. Nb5 Bxb5 18. Bxb5+ Kf7 19. Bd3 Rc8 20. g4 Rc6 21. hxg6+ hxg6 22. gxf5 exf5 23. Kb1 Ne6 24. Rhg1 Qf8 25. Qh4 Nd4 26. Qg3 Rb6 27. c3 Qa3 28. Qf2 Qxc3 29. Bf1 Rc8 30. Bg2 Nc2 31. Bxd5+ Kf8 32. Bb3 Rxb3 33. axb3 Qa5 34. Qxc2 Rxc2 35. Kxc2 Qc5+ 36. Kb1 Qb4 1/2-1/2

[Event "HUN-chT2 Toth 1415"]
[Site "Hungary"]
[Date "2015.02.08"]
[Round "8.2"]
[White "Kakuk, Sandor"]
[Black "Keresztes, Richard"]
[Result "0-1"]
[WhiteElo "2164"]
[BlackElo "2214"]
[PlyCount "78"]
[EventDate "2014.09.07"]
[EventType "team-tourn"]
[EventRounds "11"]
[EventCountry "HUN"]
[SourceTitle "EXT 2016"]
[Source "ChessBase"]
[SourceDate "2015.10.08"]
[SourceVersion "1"]
[SourceVersionDate "2015.10.08"]
[SourceQuality "1"]
[WhiteTeam "Oroshaza"]
[BlackTeam "Takisz"]
[WhiteTeamCountry "HUN"]
[BlackTeamCountry "HUN"]

1. e4 c5 2. Nf3 d6 3. d4 cxd4 4. Nxd4 Nf6 5. Nc3 a6 6. Bg5 e6 7. f4 Be7 8. Qf3 Qc7 9. 0-0-0 Nbd7 10. g4 b5 11. Bxf6 Nxf6 12. g5 Nd7 13. f5 Nc5 14. f6 gxf6 15. gxf6 Bf8 16. Kb1 Bd7 17. Qh5 b4 18. Nd5 exd5 19. exd5 0-0-0 20. Qxf7 Bg4 21. Qxc7+ Kxc7 22. Re1 Kb6 23. Nc6 Rc8 24. Rg1 Bf5 25. Nd4 Be4 26. Bg2 Bg6 27. Bh3 Rc7 28. Ne6 Rf7 29. Rgf1 Bh6 30. Nxc5 Kxc5 31. Be6 Rc7 32. h4 Rf8 33. Rf2 a5 34. b3 Kb6 35. h5 Rxf6 36. Rxf6 Bxc2+ 37. Kb2 Bg7 38. Ref1 Bd3 39. R1f2 Bxf6+ 0-1

[Event "Budapest Karacsonyi op 6th"]
[Site "Budapest"]
[Date "2014.12.30"]
[Round "6"]
[White "Kakuk, Sandor"]
[Black "Yip, Michael"]
[Result "1-0"]
[WhiteElo "2150"]
[BlackElo "1955"]
[PlyCount "63"]
[EventDate "2014.12.27"]
[EventType "swiss"]
[EventRounds "7"]
[EventCountry "HUN"]
[SourceTitle "EXT 2020"]
[Source "ChessBase"]
[SourceDate "2019.10.17"]
[SourceVersion "1"]
[SourceVersionDate "2019.10.17"]
[SourceQuality "1"]

1. d4 Nf6 2. Nc3 d5 3. Bg5 Nbd7 4. Qd2 h6 5. Bh4 e6 6. f3 c5 7. e3 Be7 8. g4 cxd4 9. exd4 a6 10. Bg3 b5 11. Bd3 Nb6 12. Nge2 Bb7 13. 0-0 Nc4 14. Qc1 Rc8 15. Kg2 Qb6 16. Nd1 b4 17. c3 a5 18. h4 bxc3 19. bxc3 Qc6 20. Nf4 g5 21. hxg5 hxg5 22. Nh3 Rg8 23. Re1 Nd7 24. Qc2 Ba6 25. Qe2 Kf8 26. Rb1 Bf6 27. Rf1 Bb7 28. f4 gxf4 29. Nxf4 Re8 30. Nh5 Bg5 31. Qf3 f6 32. Bxc4 1-0

[Event "Budapest Spring op 30th"]
[Site "Budapest"]
[Date "2014.03.20"]
[Round "7"]
[White "Kakuk, Sandor"]
[Black "Marcu, Simon"]
[Result "1-0"]
[WhiteElo "2200"]
[BlackElo "1892"]
[PlyCount "39"]
[EventDate "2014.03.14"]
[EventType "swiss"]
[EventRounds "9"]
[EventCountry "HUN"]
[SourceTitle "CBM 159 Extra"]
[Source "ChessBase"]
[SourceDate "2014.04.24"]
[SourceVersion "1"]
[SourceVersionDate "2014.04.24"]
[SourceQuality "1"]

1. e4 c6 2. d4 d5 3. e5 e6 4. Bd3 c5 5. c3 Nc6 6. Nf3 cxd4 7. cxd4 Bd7 8. Nc3 a6 9. 0-0 Nge7 10. Bg5 b5 11. Bxb5 Qb6 12. Bxc6 Nxc6 13. Qd2 Na5 14. b3 Bb4 15. Qe3 0-0 16. Bf6 gxf6 17. exf6 Kh8 18. Ng5 e5 19. Nxd5 Qb5 20. Qe4 1-0

[Event "Budapest Spring op 30th"]
[Site "Budapest"]
[Date "2014.03.16"]
[Round "3"]
[White "Kakuk, Sandor"]
[Black "Szalanczy, Emil"]
[Result "0-1"]
[WhiteElo "2200"]
[BlackElo "2240"]
[PlyCount "54"]
[EventDate "2014.03.14"]
[EventType "swiss"]
[EventRounds "9"]
[EventCountry "HUN"]
[SourceTitle "CBM 159 Extra"]
[Source "ChessBase"]
[SourceDate "2014.04.24"]
[SourceVersion "1"]
[SourceVersionDate "2014.04.24"]
[SourceQuality "1"]

1. e4 c5 2. Nf3 d6 3. d4 cxd4 4. Nxd4 Nf6 5. Nc3 g6 6. Be3 Bg7 7. f3 Nc6 8. Qd2 Bd7 9. 0-0-0 h5 10. h4 Rc8 11. Kb1 a6 12. Nxc6 Rxc6 13. Nd5 0-0 14. Bh6 Be6 15. Bxg7 Kxg7 16. Nxf6 exf6 17. f4 Qb6 18. f5 gxf5 19. exf5 Bxf5 20. Bd3 Bg4 21. Rdf1 d5 22. Be2 Rfc8 23. Bd3 Re8 24. Rf4 Qe3 25. Kc1 d4 26. Qxe3 dxe3 27. Re1 Rce6 0-1

[Event "Budapest Spring op 30th"]
[Site "Budapest"]
[Date "2014.03.15"]
[Round "2"]
[White "Pirisi, Gabor"]
[Black "Kakuk, Sandor"]
[Result "0-1"]
[WhiteElo "2258"]
[BlackElo "2200"]
[PlyCount "68"]
[EventDate "2014.03.14"]
[EventType "swiss"]
[EventRounds "9"]
[EventCountry "HUN"]
[SourceTitle "CBM 159 Extra"]
[Source "ChessBase"]
[SourceDate "2014.04.24"]
[SourceVersion "1"]
[SourceVersionDate "2014.04.24"]
[SourceQuality "1"]

1. c4 e5 2. g3 Nf6 3. Bg2 g6 4. Nf3 d6 5. d4 exd4 6. Nxd4 Bg7 7. 0-0 0-0 8. Nc3 Nbd7 9. b3 Rb8 10. h3 Nc5 11. Bb2 Re8 12. Qc2 Ne6 13. Nxe6 Bxe6 14. e4 Qd7 15. Kh2 Nh5 16. Rad1 Qe7 17. Rfe1 Rbd8 18. f4 c6 19. Qf2 b6 20. Kh1 Bc8 21. g4 Nf6 22. e5 dxe5 23. fxe5 Rxd1 24. Rxd1 Qxe5 25. Bxc6 Rf8 26. Qh2 Qe3 27. Qg2 h5 28. Bf3 hxg4 29. hxg4 Be6 30. g5 Nh7 31. Nd5 Bxd5 32. Bxd5 Bxb2 33. Qxb2 Nxg5 34. Rg1 Ne6 0-1

[Event "Budapest Spring op 30th"]
[Site "Budapest"]
[Date "2014.03.14"]
[Round "1"]
[White "Kakuk, Sandor"]
[Black "Bacsi, Andras"]
[Result "1-0"]
[WhiteElo "2200"]
[BlackElo "1778"]
[PlyCount "43"]
[EventDate "2014.03.14"]
[EventType "swiss"]
[EventRounds "9"]
[EventCountry "HUN"]
[SourceTitle "CBM 159 Extra"]
[Source "ChessBase"]
[SourceDate "2014.04.24"]
[SourceVersion "1"]
[SourceVersionDate "2014.04.24"]
[SourceQuality "1"]

1. d4 d5 2. Nc3 Nf6 3. Bg5 Nc6 4. Qd2 Bf5 5. f3 h6 6. Bh4 g5 7. Bf2 Bg7 8. 0-0-0 0-0 9. h4 g4 10. Qf4 Qd7 11. e4 dxe4 12. fxe4 Bh7 13. h5 Ne8 14. Nge2 f5 15. e5 Kh8 16. Qd2 f4 17. Nxf4 Qf5 18. Ng6+ Bxg6 19. hxg6 h5 20. Bd3 Qxf2 21. Rxh5+ Kg8 22. Bc4+ 1-0

[Event "HUN-chT2 Toth 1314"]
[Site "Hungary"]
[Date "2013.11.17"]
[Round "5.2"]
[White "Kakuk, Sandor"]
[Black "Bodrogi, Laszlo"]
[Result "1-0"]
[WhiteElo "2195"]
[BlackElo "2022"]
[PlyCount "77"]
[EventDate "2013.09.08"]
[EventType "team-tourn"]
[EventRounds "11"]
[EventCountry "HUN"]
[SourceTitle "EXT 2016"]
[Source "ChessBase"]
[SourceDate "2015.10.08"]
[SourceVersion "1"]
[SourceVersionDate "2015.10.08"]
[SourceQuality "1"]
[WhiteTeam "Oroshaza"]
[BlackTeam "Abony"]
[WhiteTeamCountry "HUN"]
[BlackTeamCountry "HUN"]

1. e4 e6 2. d4 d5 3. Nc3 Bb4 4. Bd2 dxe4 5. Qg4 Nf6 6. Qxg7 Rg8 7. Qh6 Nc6 8. 0-0-0 Rg6 9. Qh4 Bxc3 10. Bxc3 Qd5 11. Nh3 Qf5 12. f3 Bd7 13. Nf4 Qg5 14. Qxg5 Rxg5 15. fxe4 Nxe4 16. Be1 Rg4 17. g3 0-0-0 18. Bg2 Nd6 19. h3 Rgg8 20. g4 Nc4 21. Bf2 Ne7 22. b3 Nb6 23. Bh4 Rde8 24. Nh5 Rg6 25. Nf6 Rh8 26. Be4 Rh6 27. Bg5 Rg6 28. Bxg6 hxg6 29. c4 Nc6 30. h4 Nb4 31. a3 Na6 32. h5 gxh5 33. Rxh5 Rf8 34. Rdh1 Bc6 35. Rh8 Rd8 36. Rxd8+ Kxd8 37. Rh8+ Ke7 38. Nd5+ Kd6 39. Be7+ 1-0

[Event "HUN-chT2 Maroczy 1213"]
[Site "Hungary"]
[Date "2013.04.21"]
[Round "11"]
[White "Kakuk, Sandor"]
[Black "Bartos, Tamas"]
[Result "0-1"]
[WhiteElo "2188"]
[BlackElo "2146"]
[PlyCount "52"]
[EventDate "2012.09.16"]
[EventType "team-tourn"]
[EventRounds "11"]
[EventCountry "HUN"]
[SourceTitle "EXT 2014"]
[Source "ChessBase"]
[SourceDate "2013.11.20"]
[SourceVersion "1"]
[SourceVersionDate "2013.11.20"]
[SourceQuality "1"]
[WhiteTeam "Oroshaza"]
[BlackTeam "Maroczy"]
[WhiteTeamCountry "HUN"]
[BlackTeamCountry "HUN"]

1. d4 d5 2. Nc3 Nf6 3. Bg5 Bf5 4. e3 e6 5. Bd3 Bxd3 6. Qxd3 c6 7. Nf3 Be7 8. 0-0 Nbd7 9. Rfe1 0-0 10. e4 dxe4 11. Nxe4 Nxe4 12. Bxe7 Qxe7 13. Rxe4 Rfd8 14. c3 Nc5 15. Qc2 Nxe4 16. Qxe4 c5 17. Re1 cxd4 18. Nxd4 Rac8 19. g3 Qd7 20. h4 Qd5 21. Qb1 b5 22. a3 a5 23. Qc1 b4 24. axb4 axb4 25. Qe3 bxc3 26. bxc3 Qc5 0-1

[Event "HUN-chT2 Maroczy 1112"]
[Site "Hungary"]
[Date "2012.05.20"]
[Round "11"]
[White "Kakuk, Sandor"]
[Black "Seres, Bela"]
[Result "0-1"]
[WhiteElo "2227"]
[BlackElo "2239"]
[PlyCount "84"]
[EventDate "2011.09.25"]
[EventType "team-tourn"]
[EventRounds "11"]
[EventCountry "HUN"]
[SourceTitle "EXT 2013"]
[Source "ChessBase"]
[SourceDate "2012.11.22"]
[SourceVersion "1"]
[SourceVersionDate "2012.11.22"]
[SourceQuality "1"]
[WhiteTeam "Oroshaza"]
[BlackTeam "Lila Futo"]
[WhiteTeamCountry "HUN"]
[BlackTeamCountry "HUN"]

1. e4 c5 2. Nf3 d6 3. d4 cxd4 4. Nxd4 Nf6 5. Nc3 a6 6. Bg5 Nbd7 7. Qd2 h6 8. Bh4 b5 9. f3 Bb7 10. 0-0-0 Rc8 11. g4 g6 12. Kb1 Bg7 13. Bf2 Nb6 14. h4 b4 15. Nce2 a5 16. Ng3 Nfd7 17. h5 g5 18. Ngf5 Bf6 19. Be3 Ne5 20. Bb5+ Kf8 21. Qe2 Nbc4 22. Bc1 Qb6 23. Ne3 Nxe3 24. Bxe3 Rc5 25. Bd3 a4 26. Nf5 e6 27. Bxc5 Qxc5 28. Ne3 a3 29. Rd2 Kg7 30. Nd1 axb2 31. Nxb2 Ra8 32. Bc4 Ra3 33. Bb3 Nc6 34. c4 bxc3 35. Rc2 Nd4 36. Qf2 Qb4 37. Nd3 Rxb3+ 38. axb3 Qxb3+ 39. Kc1 Ba6 40. Rd1 Qa3+ 41. Kb1 Nb3 42. Ra2 Bxd3+ 0-1

[Event "HUN-chT2 Maroczy 1112"]
[Site "Hungary"]
[Date "2012.03.11"]
[Round "7"]
[White "Kakuk, Sandor"]
[Black "Szilagyi, Peter"]
[Result "0-1"]
[WhiteElo "2227"]
[BlackElo "2373"]
[PlyCount "78"]
[EventDate "2011.09.25"]
[EventType "team-tourn"]
[EventRounds "11"]
[EventCountry "HUN"]
[SourceTitle "EXT 2013"]
[Source "ChessBase"]
[SourceDate "2012.11.22"]
[SourceVersion "1"]
[SourceVersionDate "2012.11.22"]
[SourceQuality "1"]
[WhiteTeam "Oroshaza"]
[BlackTeam "Dunaharaszti"]
[WhiteTeamCountry "HUN"]
[BlackTeamCountry "HUN"]

1. e4 e6 2. d4 d5 3. Nc3 Nf6 4. Bg5 Be7 5. Bxf6 Bxf6 6. e5 Be7 7. Qg4 g6 8. 0-0-0 Bd7 9. h4 h5 10. Qg3 Nc6 11. Nf3 a6 12. Ng5 Bf8 13. Qf4 Qe7 14. Rh3 Bh6 15. Rf3 0-0-0 16. Kb1 Rdf8 17. Qf6 Qxf6 18. Rxf6 Bg7 19. Rf4 f6 20. exf6 Rxf6 21. Rxf6 Bxf6 22. Ne2 e5 23. dxe5 Nxe5 24. Nf4 c6 25. Nd3 Nc4 26. c3 Bg4 27. Re1 Bf5 28. Kc1 Kc7 29. g3 b6 30. Ne6+ Kd6 31. Ng5 Bxg5+ 32. hxg5 h4 33. b3 Bxd3 34. Bxd3 hxg3 35. fxg3 Ne5 36. Be2 Rh2 37. Kd1 Rg2 38. g4 Nxg4 39. Bxa6 Rxa2 0-1